Normal view
MARC view
- Gómez, Germán Rafael
Entry Nombre Personal
001 - NUMERO DE CONTROL
- campo de control: 39726
003 - IDENTIFICADOR DE NUMERO DE CONTROL
- campo de control: DLC
005 - FECHA Y HORA DE LA ÜLTIMA TRANSACCIÓN
- campo de control: 20220331132029.0
008 - DATOS DE LONGITUD FIJA
- campo de control de longitud fija: 220331n| acannaabn |n aaa c
010 ## - NÚMERO DE CONTROL DE LA BIBLIOTECA DEL CONGRESO
- Número de control LC: no2005082228
035 ## - NUMERO DE CONTROL
- Número de control: (OCoLC)oca06723942
040 ## - FUENTE DE CATALOGACIÓN
- Agencia original de catalogación: MXMxUNAM
- Lenguaje de catalogación: spa
- Agencia de transcripción: MXMxUNAM
- Agencia que lo modifica: MX-MxUPN
100 1# - ENCABEZAMIENTO - NOMBRE PERSONAL
- Nombre personal: Gómez, Germán Rafael
670 ## - FUENTE EN LA QUE SE LOCALIZARON DATOS
- Cita de la fuente: Una aventura matemática, 1993:
- Información localizada: portada (Germán Rafael Gómez)
902 ## - CATALOGADOR
- Catalogador: NDAF/220331
